LEADER 01147nam a2200265 4500 001 000000362042 003 CaOOAMICUS 005 20250311120703.0 008 250310s1999 it 000 u ita r 020 $a88-420-5723-1 040 $aSeMil$bita 100 1 $aDuso, Giuseppe.$0(OLS)http://semarc/name/120761 245 13$aLa logica del potere :$bstoria concettuale come filosofia politica /$cGiuseppe Duso. 264 1$aRoma ; Bari :$bLaterza,$c1999. 300 $aVII, 231 p. ;$c21 cm 490 1 $aBiblioteca di cultura moderna ;$v1147 650 4$aFilosofia politica.$0(OLS)http://semarc/subject/358 830 0$aBiblioteca di cultura moderna ;$v1147.$0(OLS)http://semarc/title/639 850 $aSeMil 852 $aSeMil$W1$xVenegono$y1$m2G III 23$j255115$B252979$CSeMilBibl$Z2$F252979 $81 961 $aBuzzi mons. Franco - Omaggio 996 $6020$a88-420-5723-1$9(OLS)http://semarc/number/302691 996 $6245$aLa logica del potere :$bstoria concettuale come filosofia politica$9(OLS)http://semarc/title/452894 996 $6264$aRoma ; Bari :$bLaterza$9(OLS)http://semarc/publisher/30305 LEADER 00722nam a2200205 i 4500 001 000000141386 003 CaOOAMICUS 005 20091015000000.0 008 091015s1919 it u000 u ita u 013 $a115806 040 $aSeMil$bita 100 1 $aCasacca, Nazzareno.$0(OLS)http://semarc/name/30237 245 13$aIl Papa e l'Italia /$cN. Casacca. 260 $aBologna :$bCappelli,$c1919. 300 $a59 p. ;$c25 cm. 650 4$aPapato.$0(OLS)http://semarc/subject/786 850 $aSeMil 852 $aSeMil$W1$xVenegono$y1$m3D IV 50$j94630$B94630$CSeMilBibl$Z2$F144729 $81 996 $6245$aIl Papa e l'Italia$9(OLS)http://semarc/title/147615 996 $6260$aBologna :$bCappelli$9(OLS)http://semarc/publisher/29689